000 00707nam a2200241Ia 4500
008 191130s2004##################000#0#eng##
020 _a047009026X
022 _a2004014697
040 _aACL
_cACL
082 _a579.3 SIN
100 _aSingleton, Paul
245 _aBacteria in biology, biotechnology, and medicine
_cPaul Singleton
250 _a6th ed
260 _aHoboken, NJ
_bJohn Wiley & Sons
_c2004
300 _aviii, 559 p. : ill. ; 26 cm
500 _aIncludes bibliographical references and index
650 _aBacteria
650 _aIndustrial microbiology
650 _aMedical bacteriology
990 _ace521f54ac10000c64a429c0f111e803
991 _a235848
999 _c376896
_d376896